[Event "38th Nezhmetdinov Mem"]
[Site "Kazan RUS"]
[Date "2016.06.07"]
[Round "8.63"]
[White "Taipov, Ilmir"]
[Black "Lenkova, Lidiya"]
[Result "1/2-1/2"]
[WhiteElo "1673"]
[BlackElo "1518"]
[WhiteFideId "34182893"]
[BlackFideId "54102740"]
[EventDate "2016.05.31"]

1. e4 Nf6 2. e5 Nd5 3. c4 Nb6 4. Nc3 d6 5. d4 g6 6. f4 Bg7 7. Nf3 Bf5 8. Be2 O-O
9. O-O Nc6 10. Be3 dxe5 11. dxe5 Nb4 12. Nd4 Qd7 13. Nxf5 Qxf5 14. Bg4 Qc2 15.
Bxb6 axb6 16. Rf2 Qxd1+ 17. Rxd1 e6 18. a3 Na6 19. Rd7 Rfd8 20. Rfd2 Rxd7 21.
Rxd7 Rc8 22. Nb5 Kf8 23. b4 Bh6 24. g3 Ke8 25. Rd3 Rd8 26. Rxd8+ Kxd8 27. Kf2
Bf8 28. Nc3 Nb8 29. Ke3 Nc6 30. Ne4 Be7 31. Bf3 Kc8 32. h4 Kd8 33. Ng5 Bxg5 34.
hxg5 Kc8 35. Bxc6 bxc6 36. a4 Kb7 37. Kd4 Ka6 38. g4 Kb7 39. c5 b5 40. a5 Ka6 1/2-1/2

[Event "38th Nezhmetdinov Mem"]
[Site "Kazan RUS"]
[Date "2016.06.07"]
[Round "8.64"]
[White "Murzaev, Danil"]
[Black "Kamalutdinov, Rahim"]
[Result "1-0"]
[WhiteElo "1578"]
[BlackElo "1368"]
[WhiteFideId "34142727"]
[BlackFideId "24180769"]
[EventDate "2016.05.31"]

1. d4 c6 2. c4 Nf6 3. Nc3 e6 4. Nf3 d5 5. e3 Bb4 6. a3 Bxc3+ 7. bxc3 Ne4 8. Qc2
Qa5 9. Bd2 Nd7 10. Bd3 Ndf6 11. cxd5 exd5 12. c4 Qd8 13. cxd5 cxd5 14. O-O Nxd2
15. Qxd2 O-O 16. Rfc1 Re8 17. Qc2 Qa5 18. Qc3 Qxc3 19. Rxc3 Ne4 20. Rc7 f6 21.
Rac1 a6 22. a4 Rb8 23. Rb1 Rf8 24. Bxa6 Rf7 25. Rxf7 Kxf7 26. Bd3 g5 27. Bxe4
dxe4 28. Nd2 Bf5 29. Nc4 Kg6 30. Nd6 Ra8 31. Nxf5 Kxf5 32. Rb4 h5 33. f3 Rc8 34.
Rb5+ Kg6 35. fxe4 Rc1+ 36. Kf2 1-0

[Event "38th Nezhmetdinov Mem"]
[Site "Kazan RUS"]
[Date "2016.06.07"]
[Round "8.35"]
[White "Davydov, Sergey P."]
[Black "Garafutdinov, Ainur"]
[Result "1-0"]
[WhiteTitle "FM"]
[WhiteElo "2266"]
[BlackElo "2044"]
[WhiteFideId "4123182"]
[BlackFideId "24175498"]
[EventDate "2016.05.31"]

1. Nf3 f5 2. b3 Nf6 3. Bb2 e6 4. g3 Be7 5. Bg2 O-O 6. c4 d6 7. d4 c5 8. O-O cxd4
9. Nxd4 e5 10. Nc2 Nc6 11. Nc3 e4 12. Ne3 Be6 13. Ned5 Qd7 14. Qd2 Rfd8 15. f3
exf3 16. exf3 Bf7 17. Rad1 Nxd5 18. Nxd5 Bf8 19. Qg5 Bxd5 20. cxd5 Ne5 21. Qd2
Re8 22. Rfe1 Qf7 23. f4 Nd7 24. Bd4 b6 25. b4 Rec8 26. Rc1 Nf6 27. Re6 Ne4 28.
Qe1 Qb7 29. Rxc8 Rxc8 30. Bxe4 fxe4 31. Qxe4 Rc1+ 32. Kg2 Qa6 33. Kh3 Qxa2 34.
Re7 Rh1 35. Qe6+ Kh8 36. Bxg7+ 1-0

[Event "38th Nezhmetdinov Mem"]
[Site "Kazan RUS"]
[Date "2016.06.08"]
[Round "9.2"]
[White "Kokarev, Dmitry"]
[Black "Baghdasaryan, Vahe"]
[Result "1/2-1/2"]
[WhiteTitle "GM"]
[BlackTitle "IM"]
[WhiteElo "2622"]
[BlackElo "2441"]
[WhiteFideId "4132181"]
[BlackFideId "13303139"]
[EventDate "2016.05.31"]

1. e4 c5 2. Nf3 d6 3. Bb5+ Nc6 4. d4 cxd4 5. Qxd4 Bd7 6. Qd3 g6 7. O-O Bg7 8. c4
Nf6 9. Nc3 O-O 10. h3 a6 11. Bxc6 Bxc6 12. Nd4 Nd7 13. Be3 Rc8 14. Rac1 Nc5 15.
Qb1 Ne6 16. Qd3 Nc5 17. Qb1 Ne6 18. Qd3 Nc5 1/2-1/2

[Event "38th Nezhmetdinov Mem"]
[Site "Kazan RUS"]
[Date "2016.06.08"]
[Round "9.3"]
[White "Maiorov, Nikita1"]
[Black "Bocharov, Dmitry"]
[Result "0-1"]
[WhiteTitle "GM"]
[BlackTitle "GM"]
[WhiteElo "2538"]
[BlackElo "2597"]
[WhiteFideId "13501720"]
[BlackFideId "4138716"]
[EventDate "2016.05.31"]

1. g3 g6 2. Bg2 Bg7 3. d4 c5 4. d5 d6 5. c4 b5 6. cxb5 Qa5+ 7. Nc3 a6 8. bxa6
Nf6 9. Bd2 O-O 10. Nf3 Nxa6 11. Nh4 Qb6 12. Bc1 Nc7 13. O-O Bd7 14. Nf3 Rfb8 15.
h3 Nb5 16. Bd2 Nc7 17. Bc1 Qa6 18. Re1 Ba4 19. Qd2 Nb5 20. Nxa4 Qxa4 21. b3 Qb4
22. Bb2 Ne4 23. Qxb4 cxb4 24. Bxg7 Kxg7 25. Rec1 Nec3 26. Rc2 Ra3 27. e3 Rba8
28. Bf1 Nc7 29. Ne1 N7xd5 30. Bg2 R8a5 31. Nd3 Rxb3 32. e4 Nf6 33. Nxb4 Rxb4 34.
Rxc3 Nxe4 35. Rc7 e6 36. a3 d5 37. Bxe4 Rxe4 38. Kg2 Rea4 0-1

[Event "38th Nezhmetdinov Mem"]
[Site "Kazan RUS"]
[Date "2016.06.08"]
[Round "9.4"]
[White "Harutyunian, Tigran K."]
[Black "Lintchevski, Daniil"]
[Result "1/2-1/2"]
[WhiteTitle "IM"]
[BlackTitle "GM"]
[WhiteElo "2452"]
[BlackElo "2566"]
[WhiteFideId "13303635"]
[BlackFideId "4171055"]
[EventDate "2016.05.31"]

1. c4 c5 2. Nf3 Nc6 3. Nc3 g6 4. e3 Nf6 5. d4 cxd4 6. exd4 d5 7. cxd5 Nxd5 8.
Qb3 Nxc3 9. Bc4 e6 10. bxc3 Bg7 11. Ba3 Bf8 12. Bc1 Bg7 13. Ba3 Bf8 14. Bc1 Bg7
15. Ba3 Bf8 1/2-1/2

[Event "38th Nezhmetdinov Mem"]
[Site "Kazan RUS"]
[Date "2016.06.08"]
[Round "9.5"]
[White "Yudin, Sergei"]
[Black "Rozum, Ivan"]
[Result "1/2-1/2"]
[WhiteTitle "GM"]
[BlackTitle "GM"]
[WhiteElo "2530"]
[BlackElo "2559"]
[WhiteFideId "4159659"]
[BlackFideId "24104272"]
[EventDate "2016.05.31"]

1. e4 d6 2. d4 Nf6 3. Bd3 g6 4. Nf3 Bg7 5. O-O O-O 6. c3 Nbd7 7. Re1 e5 8. Nbd2
b6 9. Nf1 Bb7 10. Ng3 Re8 11. Bd2 c6 12. a4 a6 13. Qc2 Qc7 14. h3 c5 15. d5 c4
16. Bf1 b5 17. axb5 axb5 18. b3 Nb6 19. Be3 Nfd7 20. Nd2 Rec8 21. bxc4 bxc4 22.
Reb1 Bf6 23. Rxa8 Rxa8 24. Nxc4 Nxc4 25. Bxc4 Qxc4 26. Rxb7 Qc8 27. Ra7 Rxa7 28.
Bxa7 Qa6 29. Be3 Bd8 30. Qb3 Bb6 31. Bxb6 Nxb6 32. Kh2 Kg7 33. Qb4 Nd7 34. c4
Nc5 35. Qd2 f6 36. Qb4 Qa2 37. f3 h5 38. h4 Nd3 39. Qb7+ Kg8 40. Qc8+ Kg7 41.
Qd7+ Kg8 42. Qe8+ 1/2-1/2

[Event "38th Nezhmetdinov Mem"]
[Site "Kazan RUS"]
[Date "2016.06.08"]
[Round "9.6"]
[White "Gabrielian, Artur"]
[Black "Timofeev, Artyom"]
[Result "0-1"]
[WhiteTitle "GM"]
[BlackTitle "GM"]
[WhiteElo "2520"]
[BlackElo "2598"]
[WhiteFideId "4131002"]
[BlackFideId "4140419"]
[EventDate "2016.05.31"]

1. e4 c5 2. Nf3 Nc6 3. Bb5 e6 4. O-O Nge7 5. Re1 a6 6. Bf1 d5 7. exd5 Nxd5 8. d4
Nf6 9. Be3 cxd4 10. Nxd4 Bd7 11. c4 Be7 12. Nc3 O-O 13. a3 Qc7 14. Qe2 Bd6 15.
g3 Be5 16. Rad1 Rfd8 17. Bg2 Nxd4 18. Bxd4 Bxd4 19. Rxd4 Bc6 20. Red1 Bxg2 21.
Kxg2 Kf8 22. Qf3 Rxd4 23. Rxd4 Rc8 24. c5 Qxc5 25. Qxb7 Qc6+ 26. Qxc6 Rxc6 27.
Rd8+ Ke7 28. Ra8 Nd7 29. Ra7 f5 30. h4 g6 31. Kf1 h6 32. Ke1 g5 33. h5 g4 34.
Kd1 Rd6+ 35. Ke2 Kf6 36. b4 Ne5 37. b5 axb5 38. Nxb5 Rc6 39. Nc7 Nf3 40. Ne8+
Ke5 41. Kd3 Rc5 42. a4 Ng5 43. Rb7 Ne4 44. Rb2 Rc3+ 45. Ke2 Rc8 46. Rb5+ Kd4 47.
Rb4+ Kd5 48. Rxe4 fxe4 49. Nf6+ Kd4 50. Nxg4 Rc5 51. Nxh6 Rxh5 52. Ng4 Ra5 53.
Ne3 Rxa4 54. Nc2+ Kc3 55. Ne3 Ra2+ 56. Kf1 Kd3 57. Kg2 Ke2 58. Ng4 Ra8 59. Kg1
Rf8 60. Kg2 Rf3 61. Kg1 e3 62. Nxe3 Rxf2 63. Ng4 Rf5 64. Kg2 e5 65. Nh6 Rf8 66.
g4 e4 67. g5 e3 0-1

[Event "38th Nezhmetdinov Mem"]
[Site "Kazan RUS"]
[Date "2016.06.08"]
[Round "9.7"]
[White "Shariyazdanov, Andrey"]
[Black "Ponkratov, Pavel"]
[Result "0-1"]
[WhiteTitle "GM"]
[BlackTitle "GM"]
[WhiteElo "2527"]
[BlackElo "2595"]
[WhiteFideId "4122747"]
[BlackFideId "4157800"]
[EventDate "2016.05.31"]

1. Nf3 Nf6 2. g3 c5 3. Bg2 Nc6 4. O-O e5 5. e4 d6 6. d3 g6 7. c3 Bg7 8. a3 O-O
9. b4 d5 10. exd5 Nxd5 11. bxc5 Bf5 12. Bb2 b6 13. Nh4 Be6 14. c4 Nde7 15. Nc3
Rb8 16. Ne4 f5 17. Ng5 Bc8 18. f4 bxc5 19. Bc3 Nd4 20. Kh1 exf4 21. gxf4 h6 22.
Nh3 Kh7 23. Rb1 Rb6 24. Rxb6 axb6 25. Nf3 Nec6 26. Nhg5+ Kh8 27. Nxd4 Nxd4 28.
Nf3 Ne6 29. Ne5 Kh7 30. Qd2 Qd6 31. Re1 Re8 32. Bd5 Re7 33. Qe3 Bb7 34. Bxb7
Rxb7 35. Qf3 Ra7 36. Bb2 Re7 37. Bc3 Qc7 38. Re2 Qb7 39. Qxb7 Rxb7 40. Rf2 Re7
41. Nc6 Rd7 42. Ne5 Ra7 43. Bb2 Bxe5 44. Bxe5 Rxa3 45. Rb2 Ra6 46. h4 Kg8 47.
Kg2 Kf7 48. Kf3 Nf8 49. Ke3 Nd7 50. Bc3 Ra3 51. Rc2 Rb3 52. Bb2 Nb8 53. Be5 Nc6
54. Bc3 Ke6 55. Rc1 Ra3 56. Rc2 Kd7 57. Rc1 Ra8 58. Rg1 Re8+ 59. Kd2 Re6 60. Rg3
h5 61. Rg1 Kc7 62. Rg2 Kb7 63. Rg1 Ne7 64. Rg2 Kc6 65. Rg1 b5 66. cxb5+ Kxb5 67.
Be5 Ra6 68. Ke3 Nd5+ 69. Kf3 Ra3 70. Ke2 Ra2+ 71. Kf3 Rd2 0-1

[Event "38th Nezhmetdinov Mem"]
[Site "Kazan RUS"]
[Date "2016.06.08"]
[Round "9.8"]
[White "Gubajdullin, Alexei"]
[Black "Fedorov, Alexei"]
[Result "1-0"]
[WhiteTitle "FM"]
[BlackTitle "GM"]
[WhiteElo "2346"]
[BlackElo "2565"]
[WhiteFideId "4141202"]
[BlackFideId "13500465"]
[EventDate "2016.05.31"]

1. Nf3 Nf6 2. d4 g6 3. Bf4 d6 4. c3 Nh5 5. Bg5 h6 6. Bc1 Bg7 7. g3 O-O 8. Bg2 e5
9. dxe5 dxe5 10. Qxd8 Rxd8 11. Na3 f5 12. Nd2 c6 13. f3 Be6 14. Nb3 b6 15. Be3
Nd7 16. Rd1 Bf8 17. Nc2 Nhf6 18. Bf2 a5 19. O-O a4 20. Nc1 c5 21. Na3 Rdc8 22.
Rd2 Ra5 23. c4 e4 24. Be1 Raa8 25. Rd1 Be7 26. Bc3 g5 27. Bh3 Rc6 28. fxe4 fxe4
29. Bxe6+ Rxe6 30. Nb5 Rc8 31. Rf5 Kh7 32. h3 Kg6 33. Rdf1 Nb8 34. Kg2 Nc6 35.
g4 Ne8 36. Rd5 Nd6 37. Nxd6 Bxd6 38. e3 Be5 39. Ne2 Bxc3 40. Nxc3 Na5 41. b3
axb3 42. axb3 Nxb3 43. Rd7 Na5 44. Nd5 Nxc4 45. Rff7 Rg8 46. Rfe7 Rxe7 47. Nxe7+
Kf7 48. Nxg8+ Kxg8 49. Kf2 Kf8 50. Ke2 Ke8 51. Rh7 Kd8 52. Rxh6 Kd7 53. Rg6 b5
54. Rxg5 Kd6 55. h4 b4 56. Rg8 Kc7 57. Rf8 b3 58. Rf1 b2 59. h5 1-0

[Event "38th Nezhmetdinov Mem"]
[Site "Kazan RUS"]
[Date "2016.06.08"]
[Round "9.9"]
[White "Shomoev, Anton"]
[Black "Mohammad, Nubairshah Shaikh"]
[Result "1/2-1/2"]
[WhiteTitle "GM"]
[WhiteElo "2553"]
[BlackElo "2413"]
[WhiteFideId "4135148"]
[BlackFideId "5053196"]
[EventDate "2016.05.31"]

1. c4 c6 2. Nf3 d5 3. e3 Nf6 4. Nc3 g6 5. d4 Bg7 6. Be2 O-O 7. O-O b6 8. a4 a5
9. cxd5 cxd5 10. b3 Ne4 11. Nxe4 dxe4 12. Nd2 Bb7 13. Ba3 Nd7 14. Rc1 Nf6 15.
Nc4 Nd5 16. Ne5 Rc8 17. Rxc8 Qxc8 18. Qa1 Qe6 19. Bb5 Rd8 20. Rc1 f6 21. Nc4 h5
22. Re1 h4 23. Nd2 f5 24. Bc4 Bh6 25. Qd1 Kh7 26. Qe2 Qf6 27. Rc1 Nb4 28. Bxb4
axb4 29. g3 e5 30. dxe5 Qxe5 31. Nf1 Bg7 32. Rd1 Rd6 33. gxh4 f4 34. Rxd6 Qxd6
35. Qg4 fxe3 36. Nxe3 Bd4 37. h5 Bxe3 38. fxe3 Kh6 39. Qxg6+ Qxg6+ 40. hxg6 Kxg6
41. Kf2 Kf5 1/2-1/2

[Event "38th Nezhmetdinov Mem"]
[Site "Kazan RUS"]
[Date "2016.06.08"]
[Round "9.10"]
[White "Predke, Alexandr"]
[Black "Iljiushenok, Ilia"]
[Result "0-1"]
[BlackTitle "IM"]
[WhiteElo "2535"]
[BlackElo "2499"]
[WhiteFideId "24107581"]
[BlackFideId "24105074"]
[EventDate "2016.05.31"]

1. e4 c5 2. Nf3 e6 3. d4 cxd4 4. Nxd4 Nc6 5. Nc3 Nf6 6. Nxc6 bxc6 7. e5 Nd5 8.
Ne4 Qc7 9. f4 f5 10. exf6 gxf6 11. Bd3 Ba6 12. Bxa6 Qa5+ 13. Bd2 Qxa6 14. b3 Qb6
15. Qh5+ Ke7 16. Qe2 f5 17. Ng3 Kd8 18. c4 Bg7 19. O-O-O Qc5 20. Kb1 Qa3 21. Be1
Rb8 22. Qf2 Rxb3+ 23. axb3 Qa1+ 24. Kc2 Qb2+ 25. Kd3 Qxb3+ 26. Kd2 Qc3+ 0-1

[Event "38th Nezhmetdinov Mem"]
[Site "Kazan RUS"]
[Date "2016.06.08"]
[Round "9.12"]
[White "Sargissyan, Sargis"]
[Black "Aleksandrov, Aleksej"]
[Result "1/2-1/2"]
[WhiteTitle "FM"]
[BlackTitle "GM"]
[WhiteElo "2340"]
[BlackElo "2592"]
[WhiteFideId "13303210"]
[BlackFideId "13500139"]
[EventDate "2016.05.31"]

1. e4 e5 2. Nf3 Nc6 3. Bb5 Nf6 4. O-O Nxe4 5. Re1 Nd6 6. Nxe5 Be7 7. Bf1 Nxe5 8.
Rxe5 O-O 9. Nc3 Bf6 10. Re1 Re8 11. Rxe8+ Nxe8 12. Nd5 Bg5 13. d4 Bxc1 14. Rxc1
c6 15. Ne3 d5 16. c3 Qg5 17. Qf3 Nd6 18. Bd3 Bd7 19. Re1 Re8 20. Qg3 Qh6 21. Nc2
Rxe1+ 22. Nxe1 Qe6 23. Nc2 f6 24. Qe3 Kf7 25. f3 h6 26. Kf2 g5 27. Qxe6+ Bxe6
28. Ne3 f5 29. b4 Kf6 30. Ke2 Bf7 31. g4 f4 32. Nf5 Nxf5 33. Bxf5 1/2-1/2

[Event "38th Nezhmetdinov Mem"]
[Site "Kazan RUS"]
[Date "2016.06.08"]
[Round "9.13"]
[White "Kharchenko, Boris"]
[Black "Fakhrutdinov, Timur"]
[Result "1-0"]
[WhiteTitle "GM"]
[BlackTitle "FM"]
[WhiteElo "2467"]
[BlackElo "2336"]
[WhiteFideId "14113210"]
[BlackFideId "24176702"]
[EventDate "2016.05.31"]

1. e4 c5 2. c3 d5 3. exd5 Qxd5 4. d4 Nf6 5. Nf3 e6 6. Be3 cxd4 7. cxd4 Nc6 8. a3
Be7 9. Nc3 Qd6 10. Bd3 O-O 11. O-O b6 12. Qe2 Bb7 13. Rad1 Rac8 14. Bb1 Rfd8 15.
Rfe1 Nd5 16. Qd3 g6 17. Ne4 Qc7 18. Bh6 Nf6 19. Ng3 Ng4 20. Bc1 Bf6 21. Qe2 Bg7
22. Ba2 Nf6 23. Bg5 h6 24. Be3 Ne7 25. Ne5 Bd5 26. Bb1 Qb7 27. f3 Nc6 28. Rc1
Nd7 29. Nxc6 Rxc6 1-0

[Event "38th Nezhmetdinov Mem"]
[Site "Kazan RUS"]
[Date "2016.06.08"]
[Round "9.14"]
[White "Moskalenko, Alexander"]
[Black "Samusenko, Maksim"]
[Result "1/2-1/2"]
[WhiteTitle "IM"]
[BlackTitle "FM"]
[WhiteElo "2464"]
[BlackElo "2329"]
[WhiteFideId "4155351"]
[BlackFideId "4112253"]
[EventDate "2016.05.31"]

1. e4 d6 2. d4 Nf6 3. Bd3 e5 4. c3 d5 5. dxe5 Nxe4 6. Nf3 Nc6 7. Nbd2 Nc5 8. Bb1
Bg4 9. b4 Nd7 10. Qa4 Bh5 11. O-O Be7 12. Re1 O-O 13. b5 Nc5 14. Qf4 Na5 15. Nd4
a6 16. a4 Ne6 17. Qf5 Bg6 18. Qg4 Nxd4 19. cxd4 Bb4 20. Bxg6 fxg6 21. Rb1 c5 22.
dxc5 Bxc5 23. Qe6+ Kh8 24. Nf3 Nc4 25. Rd1 Qa5 26. Bg5 Qxa4 27. bxa6 bxa6 28.
Qxd5 Rac8 29. Qe4 Qe8 30. Rbc1 Qe6 31. Rxc4 Bxf2+ 32. Kxf2 Rxc4 33. Qd5 Rc2+ 34.
Kg3 Qb6 35. Rd2 Rc3 36. Rf2 h6 37. Bd2 Rcc8 38. Qd6 Qb1 39. h4 Rcd8 40. Qxa6 Qe4
41. Qe2 Qf5 42. Kh2 Qg4 43. Qe3 Qc4 44. Qc3 Qe4 45. Kg1 Rc8 46. Qe3 Qd5 47. e6
Rfe8 48. Re2 Qd6 49. Qe4 Rc6 50. e7 Rc7 51. Bb4 Rcxe7 52. Bxd6 Rxe4 53. Rc2 R4e6
54. Ba3 Re3 55. Bc5 Rc8 56. Bxe3 Rxc2 57. Bd4 Kh7 58. Kh2 Ra2 59. Be5 1/2-1/2

[Event "38th Nezhmetdinov Mem"]
[Site "Kazan RUS"]
[Date "2016.06.08"]
[Round "9.15"]
[White "Severina, Maria"]
[Black "Tsydypov, Zhamsaran"]
[Result "0-1"]
[WhiteTitle "WIM"]
[BlackTitle "IM"]
[WhiteElo "2330"]
[BlackElo "2438"]
[WhiteFideId "4116909"]
[BlackFideId "4108566"]
[EventDate "2016.05.31"]

1. d4 e6 2. e4 d5 3. exd5 exd5 4. Bd3 Nf6 5. Nf3 Bd6 6. O-O O-O 7. Bg5 Bg4 8.
Nbd2 Nbd7 9. c3 c6 10. Qc2 Qc7 11. Rae1 Rfe8 12. Qb1 a5 13. a4 h6 14. Bh4 Nh5
15. Bh7+ Kf8 16. Bf5 Bxf5 17. Qxf5 g6 18. Qb1 Nf4 19. Bg3 c5 20. dxc5 Nxc5 21.
Nd4 Nxa4 22. Nb5 Qc6 23. Nxd6 Qxd6 24. Ne4 dxe4 25. Rxe4 Qd3 26. Rxa4 Ne2+ 27.
Kh1 Qb5 28. Rh4 Kg7 29. c4 Qc6 30. Rd1 g5 31. Rd6 Nxg3+ 0-1

[Event "38th Nezhmetdinov Mem"]
[Site "Kazan RUS"]
[Date "2016.06.08"]
[Round "9.16"]
[White "Karpeshov, Oleg"]
[Black "Khegay, Dmitriy"]
[Result "0-1"]
[WhiteTitle "IM"]
[BlackTitle "FM"]
[WhiteElo "2323"]
[BlackElo "2434"]
[WhiteFideId "4106814"]
[BlackFideId "24153729"]
[EventDate "2016.05.31"]

1. d4 g6 2. e4 Bg7 3. Nf3 d6 4. Bd3 c5 5. c3 cxd4 6. cxd4 Bg4 7. Qa4+ Bd7 8. Qb3
Nc6 9. d5 Na5 10. Qd1 Rc8 11. O-O Nf6 12. Na3 b6 13. Qe2 O-O 14. Ba6 Rb8 15. Rb1
e6 16. b4 Nb7 17. dxe6 fxe6 18. Nb5 d5 19. Bg5 h6 20. Bxf6 Qxf6 21. e5 Qf4 22.
Nbd4 Nd8 23. g3 Qe4 24. Qd1 b5 25. Re1 Qg4 26. Rc1 g5 27. Kg2 Qh5 28. h3 Qe8 29.
Qc2 Nf7 30. a4 bxa4 31. b5 a3 32. Qd3 a2 33. Ra1 Nh8 34. Rxa2 Ng6 35. Rae2 Qf7
36. Qe3 Be8 37. Rc1 Kh8 38. Rc5 Rg8 39. Kh2 Bf8 40. Rc1 Bd7 41. Ree1 Bb4 42. Rc7
Ba5 43. Rxa7 Bb6 44. Rxd7 Qxd7 45. Qd3 Rbf8 46. Re2 Qf7 47. Re3 h5 48. Re2 Nf4
49. gxf4 Qxf4+ 50. Kh1 g4 51. Nxe6 Qxf3+ 52. Qxf3 Rxf3 53. Kg2 gxh3+ 54. Kh1
Bxf2 55. Bb7 Bg3 0-1

[Event "38th Nezhmetdinov Mem"]
[Site "Kazan RUS"]
[Date "2016.06.08"]
[Round "9.17"]
[White "Faizrakhmanov, Ramil"]
[Black "Obodenko, Amir"]
[Result "1-0"]
[WhiteTitle "FM"]
[WhiteElo "2422"]
[BlackElo "2263"]
[WhiteFideId "24103209"]
[BlackFideId "34101176"]
[EventDate "2016.05.31"]

1. d4 Nf6 2. c4 e6 3. Nf3 d5 4. Nc3 Be7 5. Bg5 O-O 6. e3 h6 7. Bxf6 Bxf6 8. Qd2
dxc4 9. Bxc4 Nd7 10. h4 c5 11. g4 cxd4 12. exd4 e5 13. g5 exd4 14. Ne2 Ne5 15.
Nxe5 Bxe5 16. f4 Bc7 17. gxh6 gxh6 18. Rg1+ Kh7 19. O-O-O Bf5 20. Nxd4 Be4 21.
Qe3 Qe7 22. Nf5 Qe8 23. Bd3 Bxd3 24. Qxd3 Bxf4+ 25. Kb1 Kh8 26. Qf3 Qe5 27. Rd5
Qc7 28. Rf1 Rfe8 29. Nd6 Re5 30. Qxf4 1-0

[Event "38th Nezhmetdinov Mem"]
[Site "Kazan RUS"]
[Date "2016.06.08"]
[Round "9.18"]
[White "Tunik, Gennady"]
[Black "Dmitriev, Igor"]
[Result "1-0"]
[WhiteTitle "GM"]
[BlackTitle "IM"]
[WhiteElo "2404"]
[BlackElo "2259"]
[WhiteFideId "4101219"]
[BlackFideId "4114833"]
[EventDate "2016.05.31"]

1. Nf3 g6 2. g3 b5 3. Bg2 Bb7 4. c3 a6 5. a4 Nf6 6. axb5 axb5 7. Rxa8 Bxa8 8.
Qb3 c6 9. Qa2 Bb7 10. Qa7 Qc8 11. d3 Bg7 12. Nbd2 d5 13. Nb3 Nbd7 14. O-O O-O
15. Bf4 h6 16. Na5 Ba8 17. Ra1 g5 18. Bc1 e5 19. h4 g4 20. Ne1 Nh5 21. e4 d4 22.
c4 Rd8 23. Bd2 Bf8 24. cxb5 cxb5 25. b4 Qb8 26. Nb3 Nb6 27. Qxb8 Rxb8 28. Ra6
Bc6 29. Bf1 Bd7 30. Be2 Kh7 31. Bd1 Na4 32. Na5 Nc3 33. Bb3 Bxb4 34. Rxh6+ Kg7
35. Rxh5 Ne2+ 36. Kf1 Bxd2 37. Kxe2 Bxa5 38. Rxe5 Kf6 39. f4 Bxe1 40. Kxe1 b4
41. Kd2 Be6 42. Bxe6 fxe6 43. Rg5 b3 44. Kc1 Rc8+ 45. Kb2 Rc3 46. Rxg4 Rxd3 47.
h5 Re3 48. h6 1-0

[Event "38th Nezhmetdinov Mem"]
[Site "Kazan RUS"]
[Date "2016.06.08"]
[Round "9.19"]
[White "Yagupov, Igor"]
[Black "Korovin, Mikhail"]
[Result "1-0"]
[WhiteTitle "GM"]
[WhiteElo "2400"]
[BlackElo "2240"]
[WhiteFideId "4113632"]
[BlackFideId "24178560"]
[EventDate "2016.05.31"]

1. e4 e6 2. d4 d5 3. Nc3 Bb4 4. e5 Ne7 5. a3 Bxc3+ 6. bxc3 b6 7. Qg4 Ng6 8. h4
h5 9. Qd1 Ba6 10. Bxa6 Nxa6 11. Bg5 Qd7 12. Ne2 c5 13. O-O Nb8 14. Ng3 Ne7 15.
Nxh5 Nf5 16. Qg4 cxd4 17. Nxg7+ Nxg7 18. Bf6 Rg8 19. Bxg7 Nc6 20. Qg5 Ne7 21. h5
O-O-O 22. h6 Nf5 23. cxd4 Qa4 24. c3 Nxg7 25. hxg7 Qc2 26. Qh6 Kb7 27. Rfc1 Qf5
28. f3 Rc8 29. Ra2 Rc4 30. Kf2 Ka6 31. g4 Qg6 32. Qxg6 fxg6 33. Kg3 Rxg7 34. f4
Kb5 35. Rh2 Ka4 36. Rh6 Kxa3 37. Kh4 Kb2 38. Rf1 Kxc3 39. Kg5 Kxd4 40. Rxg6
Rxg6+ 41. Kxg6 Ke3 42. Kf6 Ke2 43. Ra1 Rxf4+ 44. Kxe6 d4 45. g5 d3 46. g6 d2 47.
g7 Rg4 48. Kf6 Rf4+ 49. Kg5 Rf1 50. Rxf1 Kxf1 51. g8=Q d1=Q 52. Qc4+ Kf2 53.
Qf4+ Ke1 54. Qh4+ 1-0

[Event "38th Nezhmetdinov Mem"]
[Site "Kazan RUS"]
[Date "2016.06.08"]
[Round "9.20"]
[White "Korchmar, Vasiliy"]
[Black "Nebolsina, Vera"]
[Result "1-0"]
[WhiteTitle "IM"]
[BlackTitle "WGM"]
[WhiteElo "2437"]
[BlackElo "2186"]
[WhiteFideId "24131750"]
[BlackFideId "4163591"]
[EventDate "2016.05.31"]

1. d4 Nf6 2. c4 c5 3. d5 b5 4. cxb5 a6 5. bxa6 g6 6. Nc3 Bg7 7. e4 O-O 8. Nf3
Qa5 9. Bd2 Bxa6 10. Be2 d6 11. O-O Bxe2 12. Qxe2 Qa6 13. Qd1 Nbd7 14. h3 Rfb8
15. Qc2 Ne8 16. Rfb1 Nc7 17. a4 e6 18. dxe6 fxe6 19. Ra3 Rf8 20. b4 cxb4 21.
Rxb4 Nc5 22. Be3 Qa5 23. Rb1 N7a6 24. Nb5 Qd8 25. Rd1 Nb7 26. Nxd6 Nxd6 27. Qc6
Rxf3 28. Rxd6 Qf8 29. gxf3 Nb4 30. Qd7 1-0

[Event "38th Nezhmetdinov Mem"]
[Site "Kazan RUS"]
[Date "2016.06.08"]
[Round "9.21"]
[White "Davydov, Sergey P."]
[Black "Sharafiev, Azat"]
[Result "0-1"]
[WhiteTitle "FM"]
[BlackTitle "IM"]
[WhiteElo "2266"]
[BlackElo "2435"]
[WhiteFideId "4123182"]
[BlackFideId "4186214"]
[EventDate "2016.05.31"]

1. c4 g6 2. Nc3 Bg7 3. d4 Nf6 4. e4 d6 5. Nf3 O-O 6. h3 Nbd7 7. Be3 e5 8. d5 Nc5
9. Nd2 a5 10. a3 Nfd7 11. g4 a4 12. Qc2 Bf6 13. O-O-O Bg5 14. Nf3 Bxe3+ 15. fxe3
Nb6 16. Qg2 Bd7 17. h4 Qc8 18. g5 Bg4 19. Be2 f5 20. gxf6 Rxf6 21. h5 Nxc4 22.
Rdg1 Nxe3 23. Qh2 Rxf3 24. Bxf3 Bxf3 25. hxg6 h5 26. Rg5 Kg7 27. Rxh5 Bxh5 28.
Qxh5 Qh8 29. Qf3 Rf8 0-1

[Event "38th Nezhmetdinov Mem"]
[Site "Kazan RUS"]
[Date "2016.06.08"]
[Round "9.22"]
[White "Nesterov, Arseniy"]
[Black "Vignesh, N R"]
[Result "1/2-1/2"]
[BlackTitle "IM"]
[WhiteElo "2273"]
[BlackElo "2432"]
[WhiteFideId "24198455"]
[BlackFideId "25012215"]
[EventDate "2016.05.31"]

1. d4 f5 2. Nf3 Nf6 3. g3 g6 4. Bg2 e6 5. O-O Bg7 6. c4 d6 7. Nc3 Qe7 8. Re1 Ne4
9. Nxe4 fxe4 10. Ng5 d5 11. cxd5 exd5 12. f3 h6 13. Nh3 Bxh3 14. Bxh3 Nc6 15.
fxe4 Qxe4 16. e3 O-O 17. Bg2 Qf5 18. Rf1 Qe6 19. Bd2 Rxf1+ 20. Qxf1 1/2-1/2

[Event "38th Nezhmetdinov Mem"]
[Site "Kazan RUS"]
[Date "2016.06.08"]
[Round "9.23"]
[White "Isajevsky, Anton"]
[Black "Baraeva, Marina"]
[Result "1-0"]
[WhiteTitle "FM"]
[BlackTitle "WIM"]
[WhiteElo "2403"]
[BlackElo "2208"]
[WhiteFideId "4142500"]
[BlackFideId "24142573"]
[EventDate "2016.05.31"]

1. c4 e5 2. Nc3 Nf6 3. Nf3 Nc6 4. e3 d5 5. cxd5 Nxd5 6. Bb5 Qd6 7. d4 exd4 8.
Qxd4 Nxc3 9. Qxc3 Bd7 10. O-O Qc5 11. Qxc5 Bxc5 12. b3 O-O 13. Bb2 a6 14. Bxc6
Bxc6 15. Ne5 Be8 16. Rac1 Bd6 17. Rfd1 f6 18. Nc4 Bh5 19. Rd4 Rfd8 20. Nxd6 cxd6
21. Rc7 b5 22. g4 Bf7 23. Re4 Rdc8 24. Ree7 Rxc7 25. Rxc7 d5 26. Bd4 h5 27. h3
hxg4 28. hxg4 Re8 29. f3 Re6 30. Kf2 Be8 31. Kg3 a5 32. g5 a4 33. f4 fxg5 34. f5
Rc6 35. Rxg7+ Kf8 36. Rxg5 Rc2 37. Kf4 Bf7 38. bxa4 bxa4 39. a3 Ke8 40. Rg3 Ra2
41. Ke5 Rxa3 42. Rh3 Rb3 43. Kf6 Rb7 44. Rh8+ Kd7 45. Kxf7 1-0